La Relacin̤ obligatoria

Detalles Bibliográficos
Otros Autores: Amat Llombart, Pablo, Ferrer Vanrell, Mara̕ Pilar (coord.)
Formato: Libro
Lenguaje:español
Publicado: Madrid : Dykinson, cop. 2010
Colección:Cuadernos prc̀ticos Bolonia. Obligaciones y contratos; 1
Materias:
Acceso en línea:Acceso restringido

MARC

LEADER 00000nam a2200000 a 4500
005 2011091205075.0
008 110308s2010 sp 001 0 spa c
020 |a 9788497728997 
035 |a 5749 
040 |d vLex 
090 |c 2421  |d 2421 
245 0 3 |a La Relacin̤ obligatoria   |h [Recurso electrn̤ico] /  |c coord. Mara̕ Pilar Ferrer Vanrell ; Pablo Amat Llombart 
256 |a Servicio en ln̕ea. 
260 |a Madrid :  |b Dykinson,  |c cop. 2010 
300 |a 157 p. ;  |c 22 cm. 
504 |a Bibliografa̕  
506 1 |a Contenido solo disponible en los productos indicados  |d vLex Global  |d vLex Global (Academic Edition, excluding Law Schools)  |d vLex Global (U.S. Academic Edition, Law Schools)  |d vLex Global (U.S. Academic Edition, excluding Law Schools)  |d vLex Global (Academic Edition, Law Schools) 
650 4 |a Contratos  |z Espaą 
650 4 |a Obligaciones (Derecho)  |z Espaą 
650 4 |a Derecho civil 
650 4 |a Contratos 
700 1 |a Amat Llombart, Pablo 
700 1 |a Ferrer Vanrell, Mara̕ Pilar,  |e coord. 
740 0 |a vLex Libros (Servicio en ln̕ea) 
830 0 |a Cuadernos prc̀ticos Bolonia.  |p Obligaciones y contratos;  |v 1 
856 4 0 |u http://vlex.com/source/cuadernos-practicos-bolonia-obligaciones-contratos-relacion-obligatoria-5749  |z Acceso restringido 
942 |c BOOK